Vícejazyčný slovník ekonomických a účetních výrazů = [Economic and accounting dictionary = Wörterbuch für Ökonomie und Buchhaltung = Dictionnaire économique et comptable = Diccionario económico y contable]

Saved in:
Bibliographic Details
Corporate Author Unie auditorů České republiky
Format Book
LanguageCzech
Slovak
English
German
French
Spanish
Published Praha : Victor Print : Audit-servis, 1991
Subjects
ISBN8090099408
Physical Description255 s. ; 21 cm

Cover

LEADER 00000cam a22000007a 4500
001 63735
003 CZ-ZlUTB
005 20240829145847.0
007 tu
008 911021s1991 xr d u001 0 cze
015 |a cnb000062623 
020 |a 8090099408  |q (váz.) 
035 |a (OCoLC)39577674 
040 |a ABA001  |b cze  |d ABA001  |d ZLD002 
041 0 |a cze  |a slo  |a eng  |a ger  |a fre  |a spa 
072 7 |a 657  |x Účetnictví  |2 Konspekt  |9 4 
072 7 |a 81  |x Lingvistika. Jazyky  |2 Konspekt  |9 11 
080 |a 657  |2 MRF 
080 |a 33  |2 MRF 
080 |a 81'373.46  |2 MRF 
080 |a 811.162.3  |2 MRF 
080 |a 811.162.4  |2 MRF 
080 |a 811.111  |2 MRF 
080 |a 811.112.2  |2 MRF 
080 |a 811.133.1  |2 MRF 
080 |a 811.134.2  |2 MRF 
080 |a (038)81  |2 MRF 
110 2 |a Unie auditorů České republiky  |7 xx0114227 
245 1 0 |a Vícejazyčný slovník ekonomických a účetních výrazů =  |b [Economic and accounting dictionary = Wörterbuch für Ökonomie und Buchhaltung = Dictionnaire économique et comptable = Diccionario económico y contable] /  |c Unie auditorů České republiky 
246 3 1 |a Economic and accounting dictionar 
246 3 1 |a Wörterbuch für Ökonomie und Buchhaltung 
246 3 1 |a Dictionnaire économique et comptable 
246 3 1 |a Diccionario económico y contable 
260 |a Praha :  |b Victor Print :  |b Audit-servis,  |c 1991 
300 |a 255 s. ;  |c 21 cm 
500 |a Obsahuje rejstříky 
546 |a Česko-slovensko-anglicko-německo-francouzsko-španělský slovník 
650 0 7 |a účetnictví  |7 ph116911  |2 czenas 
650 0 7 |a ekonomie  |7 ph114430  |2 czenas 
650 0 7 |a oborová terminologie  |7 ph138998  |2 czenas 
650 0 7 |a čeština  |7 ph135292  |2 czenas 
650 0 7 |a slovenština  |7 ph125682  |2 czenas 
650 0 7 |a angličtina  |7 ph114056  |2 czenas 
650 0 7 |a němčina  |7 ph115512  |2 czenas 
650 0 7 |a francouzština  |7 ph135297  |2 czenas 
650 0 7 |a španělština  |7 ph127867  |2 czenas 
650 0 9 |a accounting  |2 eczenas 
650 0 9 |a economics  |2 eczenas 
650 0 9 |a terminology (professional)  |2 eczenas 
650 0 9 |a Czech language  |2 eczenas 
650 0 9 |a Slovak language  |2 eczenas 
650 0 9 |a English language  |2 eczenas 
650 0 9 |a German language  |2 eczenas 
650 0 9 |a French language  |2 eczenas 
650 0 9 |a Spanish language  |2 eczenas 
655 7 |a vícejazyčné překladové slovníky  |7 fd133852  |2 czenas 
655 9 |a polyglot translation dictionaries  |2 eczenas 
910 |a ZLD002 
952 |0 0  |1 0  |4 0  |6 657UNIE  |7 0  |8 BOOK  |9 115681  |a UTBZL  |b UTBZL  |c 030  |d 2012-04-16  |l 0  |o 657/UNIE  |p 420010143827  |r 2019-08-26 00:00:00  |v 140.00  |w 2019-08-26  |x N:převod Svit; | 20100831  |y 05 
992 |a BK  |b SK 
999 |c 63735  |d 63735